Research and development expenditure in industry Les dépenses en recherche et développement dans l'industrie.
| Nuevo Título: | OECD research and development expenditure in industry Statistiques de l'OCDE sur les dépenses en recherche et développement dans l'industrie |
|---|---|
| Título anterior: | Research and development in industry (Paris, France) |
| Autor Corporativo: | |
| Formato: | Electrónico Seriadas |
| Lenguaje: | inglés francés |
| Publicado: |
Paris, France :
Organisation for Economic Co-operation and Development,
©2000-©2009.
|
| Colección: | Statistics (Organisation for Economic Co-operation and Development)
|
| Materias: | |
| Acceso en línea: | Full text available from Research Library: 01/01/2009 to 01/31/2009 |
MARC
| LEADER | 00000nas a2200000 a 4500 | ||
|---|---|---|---|
| 001 | ssj0000399203 | ||
| 003 | WaSeSS | ||
| 005 | 20200512172242.0 | ||
| 006 | m d | ||
| 007 | cr n | ||
| 008 | 001027d19982007fr ar ss i0 0eng c | ||
| 010 | |a 00253208 | ||
| 016 | 7 | |a 015373629 |2 Uk | |
| 035 | |a (WaSeSS)ssj0000399203 | ||
| 040 | |a AKR |b eng |c AKR |d WAU |d DLC |d UMC |d MUQ |d CUS |d NYG |d MYG |d OCL |d EEM |d MYG |d UKMGB |d OCLCQ |d OCLCF |d EUW |d UPM |d OCL |d I8M |d OCLCQ |d CEF |d OCLCQ |d WaSeSS | ||
| 041 | 0 | |a eng |a fre | |
| 042 | |a pcc | ||
| 050 | 0 | 0 | |a T175 |b .R48 |
| 082 | 0 | 4 | |a 607.205 |b qR432 98-499 |
| 130 | 0 | |a Research and development expenditure in industry (Paris, France : 2000) | |
| 245 | 1 | 0 | |a Research and development expenditure in industry |h [electronic resource] = |b Les dépenses en recherche et développement dans l'industrie. |
| 246 | 3 | 1 | |a Dépenses en recherche et développement dans l'industrie |
| 246 | 1 | 3 | |a ANBERD |
| 260 | |a Paris, France : |b Organisation for Economic Co-operation and Development, |c ©2000-©2009. | ||
| 310 | |a Annual | ||
| 362 | 0 | |a 1977/1998- | |
| 362 | 1 | |a Ceased with issue for 1990/2007. | |
| 490 | 1 | |a Statistics = |a Statistiques | |
| 500 | |a Data from the Analytical Business Enterprise Research and Development database (ANBERD). | ||
| 506 | |a License restrictions may limit access. | ||
| 515 | |a Issues for 1977/1998-1990/2007 called also: 2000-2009 ed.; issue for 2004 ed. lacks coverage dates. | ||
| 546 | |a English and French. | ||
| 550 | |a Prepared by: the Economic Analysis and Statistics Division of the Directorate for Science, Technology, and Industry. | ||
| 580 | |a Split into: OECD research and development expenditure in industry, and: Statistiques de l'OCDE sur les dépenses en recherche et développement dans l'industrie. | ||
| 588 | |a Latest issue consulted: 1990/2007. | ||
| 650 | 0 | |a Research, Industrial |x Finance |v Statistics |v Periodicals. | |
| 650 | 6 | |a Recherche industrielle |x Finances |v Statistiques |v Périodiques. | |
| 650 | 7 | |a Research, Industrial |x Finance. |2 fast |0 (OCoLC)fst01095395 | |
| 655 | 0 | |a Electronic journals. | |
| 710 | 2 | |a Organisation for Economic Co-operation and Development. |b Economic Analysis and Statistics Division. | |
| 780 | 0 | 0 | |t Research and development in industry (Paris, France) |w (DLC) 98646996 |w (OCoLC)39557409 |
| 785 | 0 | 6 | |t OECD research and development expenditure in industry |x 2223-7917 |w (DLC) 2015264035 |w (OCoLC)920923369 |
| 785 | 0 | 6 | |t Statistiques de l'OCDE sur les dépenses en recherche et développement dans l'industrie |
| 830 | 0 | |a Statistics (Organisation for Economic Co-operation and Development) | |
| 850 | |a DLC | ||
| 853 | 2 | 1 | |8 1 |a (year/year) |v c |w a |
| 853 | 2 | 0 | |8 2 |a ed. |w a |
| 856 | 4 | 0 | |z Full text available from Research Library: 01/01/2009 to 01/31/2009 |u https://search.proquest.com/publication/2026450 |
| 863 | 4 | 1 | |8 1.1 |a 1977/1998 |
| 863 | 4 | 1 | |8 2.1 |a <2004> |